[Event "GCT Paris Blitz 2021"]
[Site "Paris"]
[Date "2021.06.21"]
[Round "4"]
[White "So, Wesley"]
[Black "Svidler, Peter"]
[Result "1/2-1/2"]
[WhiteElo "2770"]
[BlackElo "2714"]
[Annotator "TA"]
[PlyCount "59"]
[EventDate "2021.06.21"]
[EventType "tourn"]
[EventCountry "FRA"]
[SourceTitle "playchess.com"]
[Source "ChessBase"]
[SourceQuality "1"]

{[%evp 12,59,0,0,0,0,16,19,40,28,43,42,50,41,38,38,82,66,115,53,39,-10,14,0,0,
0,0,0,0,-122,-125,-128,-139,-118,-117,-117,0,0,0,0,0,0,0,0,0,0,0,0,0,0]} 1. Nf3
Nf6 2. c4 c5 3. Nc3 d5 4. cxd5 Nxd5 5. e4 Nb4 6. Bc4 Nd3+ 7. Ke2 Nf4+ {A34:
Symmetrical English: 2 Nc3, lines with ...d5.} 8. Kf1 {Hoping for d4.} Ne6 9.
h4 h5 {[#]} 10. b4 $146 {Black must now prevent bxc5.} ({Predecessor:} 10. d3
Nc6 11. Be3 g6 12. Ng5 Bg7 13. Nxe6 Bxe6 14. Bxc5 O-O 15. Nd5 Rc8 16. Ba3 {
0-1 (73) Sindarov,J (2383)-Gopal,G (2580) Pardubice 2017}) 10... g6 11. bxc5 {
d4 is the strong threat.} Bg7 {[#] And now ...Bxc3 would win.} 12. Bxe6 Bxe6
13. d4 Nc6 {[%cal Rc6d4]} 14. Be3 Qa5 15. Ne2 (15. Rc1 $16) 15... Bc4 $14 16.
Kg1 Rd8 17. Ng3 Nxd4 18. Nxd4 Bxd4 19. Bxd4 e5 $1 20. Qc1 Rxd4 $17 21. c6 bxc6
22. Qg5 Qc7 23. Qf6 O-O ({Better is} 23... Rf8 $17 24. f4 Qd6 25. Qxd6 Rxd6 26.
fxe5 Rd4) 24. Nxh5 $11 {The position is equal.} gxh5 25. Qg5+ {[%mdl 64] [#]
Double Attack} Kh7 26. Qxh5+ Kg8 27. Qg5+ Kh7 $1 {Strongly threatening ...f6.}
28. Qf5+ Kh8 {aiming for ...f6.} (28... Kg7 $5 29. Qg5+ $8 Kh7 30. Qh5+ Kg8 31.
Qg5+ Kh7 $11) 29. Qh5+ Kg8 {Threatens to win with ...f6.} 30. Qg5+ {Weighted
Error Value: White=0.13/Black=0.13} 1/2-1/2

[Event "GCT Paris Blitz 2021"]
[Site "Paris"]
[Date "2021.06.21"]
[Round "4"]
[White "Rapport, Richard"]
[Black "Kramnik, Vladimir"]
[Result "1-0"]
[WhiteElo "2763"]
[BlackElo "2797"]
[Annotator "TA"]
[PlyCount "84"]
[EventDate "2021.06.21"]
[EventType "tourn"]
[EventCountry "FRA"]
[SourceTitle "playchess.com"]
[Source "ChessBase"]
[SourceQuality "1"]

{[%evp 9,84,12,18,0,25,0,0,-27,-5,-9,-10,-16,-11,-10,-14,-7,-16,-7,-5,-6,8,-15,
0,0,37,6,12,15,18,10,34,29,27,-139,18,23,31,23,28,0,37,42,30,32,36,16,11,7,55,
72,69,11,9,4,17,0,0,0,0,-46,-45,-75,-81,-86,-57,-62,-44,-106,-62,-60,-63,-59,
-66,-66,-80,-164,0]} 1. Nf3 Nf6 2. g3 b5 3. d4 e6 4. Bg5 Bb7 5. Nbd2 {[%cal
Bb1d2,Bd2b3,Bb3a5][%mdl 32]} Be7 6. e3 {A46: 1 d4 Nf6 2 Nf3 e6: Torre, London
and Colle Systems.} a6 {[#]} 7. Nb3 $146 ({Predecessor:} 7. a4 b4 8. Bd3 d5 9.
O-O Nbd7 10. Nb3 c5 11. dxc5 Nxc5 12. Nxc5 Bxc5 13. c3 bxc3 14. bxc3 {0-1 (36)
Melkumyan,H (2633)-Esipenko,A (2564) Riadh 2017}) 7... d6 8. Na5 {The position
is equal.} Be4 9. Bd3 Bxd3 10. cxd3 c5 11. Qd2 O-O 12. Rc1 Qb6 13. O-O Nbd7 {
[%cal Bb8d7,Bd7f6,Bf6d5][%mdl 32]} 14. Rc2 Bd8 15. Bxf6 Nxf6 16. Nb3 {[%cal
Rd4c5]} Qb7 17. Qe2 (17. Kg2 $5 {[%cal Rd4c5]}) 17... cxd4 18. Nfxd4 Bb6 19.
Rfc1 Nd5 {Threatening ...Nb4.} 20. Nc6 f5 21. Qf3 $2 {[#]} (21. a3 $11) 21...
Qd7 $2 (21... Nb4 $1 $17 {[%mdl 512]} 22. Rd2 Nxa2) 22. a3 $11 Kh8 23. Nb4 Ne7
24. Nc6 Ng6 25. d4 e5 26. dxe5 dxe5 27. Rd2 Qf7 28. Qd5 Qxd5 29. Rxd5 f4 30.
Rc3 (30. Nxe5 $14 Nxe5 31. Rxe5) 30... fxe3 31. fxe3 Rac8 32. Rd6 Rf6 33. Rxf6
gxf6 34. Kg2 {[#]} Bxe3 $1 35. Kf3 (35. Nb4 Rxc3) 35... Bg1 36. h4 Kg7 37. h5
Nf8 38. Kg2 ({White should play} 38. Ke4 $15) 38... Bb6 39. Nd2 $1 Ne6 40. Ne4
Rc7 41. Nd6 {And now Nd8! would win.} Kf8 42. Nf5 (42. Ne4 $17 {is the only
way for White.}) 42... Kf7 $2 {[%mdl 32768] Weighted Error Value: White=0.23/
Black=0.16. Sensor Board Error (Ke4/e5)?} ({Better is} 42... Ng7 $19 43. Nd6
Nxh5) 1-0

[Event "GCT Paris Blitz 2021"]
[Site "Paris"]
[Date "2021.06.21"]
[Round "5"]
[White "Kramnik, Vladimir"]
[Black "Firouzja, Alireza"]
[Result "0-1"]
[WhiteElo "2797"]
[BlackElo "2759"]
[Annotator "TA"]
[PlyCount "84"]
[EventDate "2021.06.21"]
[EventType "tourn"]
[EventCountry "FRA"]
[SourceTitle "playchess.com"]
[Source "ChessBase"]
[SourceQuality "1"]

{[%evp 18,84,15,0,33,11,29,23,24,11,23,-2,1,0,-2,-8,-2,0,-2,-43,7,1,7,-24,-17,
-56,-52,-116,-107,-104,-78,-201,-191,-181,-185,-181,-177,-207,-221,-270,-272,
-268,-189,-224,-224,-346,-330,-397,-403,-403,-401,-393,-391,-385,-381,-465,
-462,-442,-444,-502,-496,-585,-578,-873,-881,-857,-836,-1259,-1239]} 1. e4 c5
2. Nf3 d6 3. d4 cxd4 4. Nxd4 Nf6 5. Nc3 a6 6. a4 g6 7. Be2 Bg7 8. O-O O-O 9.
Be3 Nc6 10. Qd2 Bd7 {B90: Sicilian Najdorf: Unusual White 6th moves, 6 Be3 Ng4
and 6 Be3 e5.} 11. Rfd1 {11.Rfd1 scores better than 11.f3.} Rc8 12. f3 Re8 {
White has an edge.} 13. Bf1 Ne5 {[#]} 14. b3 $146 ({Predecessor:} 14. Nd5 Nxd5
15. exd5 Rc5 16. Ne6 {Geller,E (2590)-Barczay,L (2465) Novi Sad 1978}) 14...
Qa5 15. Nce2 Qxd2 16. Bxd2 d5 17. exd5 Nxd5 18. c4 Nf6 (18... Nxc4 $5 19. bxc4
Rxc4 $11 {[%mdl 64] Double Attack}) 19. a5 Nd3 20. Bc3 Nc5 {[%cal Bd3c5,Bc5a4,
Ba4b2][%mdl 32]} 21. b4 Na4 22. c5 (22. Nb3 $15) 22... Nd5 $17 23. Bd2 Nb2 24.
Rdb1 {This costs White the game.} (24. Rdc1 $17 {was the only chance.}) 24...
Nc4 $19 25. Ra2 e5 $36 {[%mdl 2048] Black is in control.} 26. Nb3 Bf5 27. Rd1
Nxd2 28. Raxd2 Nxb4 29. Ng3 Be6 30. Rb1 f5 31. Nc1 {[#]} (31. Rd6 {might work
better.}) 31... Bh6 $1 32. Rd6 (32. Rdb2 Be3+) 32... Be3+ {[%mdl 64] Double
Attack} 33. Kh1 Bxc5 34. Rxe6 Rxe6 35. Bc4 Kf7 36. Nce2 Be7 {Black is clearly
winning.} 37. Bxe6+ Kxe6 38. h3 Rc2 39. Re1 {intending Nd4+.} Kf7 40. Nc1 Bh4
41. Nce2 f4 42. Rb1 Bxg3 {Weighted Error Value: White=0.50/Black=0.08} 0-1

[Event "GCT Paris Blitz 2021"]
[Site "Paris"]
[Date "2021.06.21"]
[Round "5"]
[White "Aronian, Levon"]
[Black "So, Wesley"]
[Result "1-0"]
[WhiteElo "2781"]
[BlackElo "2770"]
[Annotator "TA"]
[PlyCount "55"]
[EventDate "2021.06.21"]
[EventType "tourn"]
[EventCountry "FRA"]
[SourceTitle "playchess.com"]
[Source "ChessBase"]
[SourceQuality "1"]

{[%evp 16,55,22,11,17,8,11,11,22,20,45,51,19,51,64,59,85,76,86,82,82,12,34,36,
81,89,74,80,69,29,101,89,143,141,129,128,159,170,572,573,588,584]} 1. e4 e5 2.
Nf3 Nc6 3. Bc4 Bc5 4. d3 Nf6 5. O-O h6 6. c3 d6 7. Re1 O-O 8. Nbd2 Bb6 9. Bb3
a5 {C54: Giuoco Piano: 4 c3 Nf6, main lines with 5 d4 and 5 d3.} 10. Nf1 Be6
11. Bc2 {[#]} d5 $146 {The position is equal.} ({Predecessor:} 11... Ne7 12.
Ne3 Ng4 13. d4 Nxe3 14. Bxe3 Ng6 15. d5 Bg4 16. h3 Bd7 17. Qd2 Bxe3 18. fxe3 {
1-0 (52) Hoffmann,P (2346)-Schmid,R (2241) Germany 2012}) 12. exd5 Qxd5 13. Bb3
Qd6 14. Bxe6 Qxe6 15. d4 $1 Rad8 16. Qc2 Nd7 {[#]} 17. Bf4 $1 {[%mdl 64] Pin}
f6 {[#]} (17... Qf6 18. Bxe5) 18. a3 Qg4 19. Be3 exd4 20. cxd4 Rfe8 21. Rad1
Ne7 22. d5 {Black must now prevent Bxb6.} Kh8 (22... Qg6 $1 $11 23. Qc1 Qf7)
23. d6 $36 {[%mdl 2048] Black is under strong pressure.} cxd6 ({Better is} 
23... Nc6) 24. Rxd6 $16 Nc8 25. Rd2 Qh5 {[#]} 26. Red1 $1 Ne5 (26... Bxe3 {
is a better chance.} 27. Nxe3 Ncb6) 27. Rxd8 $18 Nxf3+ 28. gxf3 {Weighted
Error Value: White=0.07/Black=0.55} 1-0

[Event "GCT Paris Blitz 2021"]
[Site "Paris"]
[Date "2021.06.21"]
[Round "5"]
[White "Radjabov, Teimour"]
[Black "Rapport, Richard"]
[Result "1/2-1/2"]
[WhiteElo "2765"]
[BlackElo "2763"]
[Annotator "TA"]
[PlyCount "81"]
[EventDate "2021.06.21"]
[EventType "tourn"]
[EventCountry "FRA"]
[SourceTitle "playchess.com"]
[Source "ChessBase"]
[SourceQuality "1"]

{[%evp 21,81,19,29,21,32,16,18,18,24,16,15,8,29,14,0,-10,-8,0,0,-19,-32,-42,
-42,-50,-45,-48,-47,-82,-86,-88,-67,-66,-75,-69,-89,-81,-64,-72,-10,-8,0,0,0,0,
0,0,0,0,0,0,0,0,0,0,0,0,0,0,0,0,0,0]} 1. Nf3 Nf6 2. c4 b6 3. g3 Bb7 4. d4 g6 5.
Bg2 Bg7 6. Nc3 Ne4 7. Nxe4 Bxe4 8. O-O O-O 9. Be3 d6 10. Qd2 Nd7 11. Rac1 c5
12. Rfd1 {A50: Queen's Fianchetto Defence (1 d4 Nf6 2 c4 b6).} Re8 13. Bh6 {[#]
} Nf6 $146 ({Predecessor:} 13... Bh8 14. Qf4 Bxf3 15. Bxf3 Rb8 16. e3 Qc7 17.
Qh4 b5 18. cxb5 Rxb5 19. b3 Qb6 20. dxc5 Rxc5 21. Rxc5 Qxc5 {0-1 (45) Yoo,C 
(2455)-Mitrabha,G (2467) Chess.com INT 2021}) 14. Bxg7 Kxg7 15. Qc3 Qc7 16. b3
Qb7 17. d5 b5 18. Nd2 Bxg2 19. Kxg2 b4 20. Qf3 a5 21. e4 a4 22. Qf4 axb3 23.
axb3 e5 24. dxe6 Rxe6 25. f3 Ra2 26. Ra1 Qa7 27. Rxa2 Qxa2 28. Qe3 {[#]} Qc2 $1
{[%cal Rc2d1]} 29. Rf1 d5 ({Black should try} 29... Nd7 $17) 30. Rf2 $1 $11 {
The position is equal.} Qc3 (30... d4 {feels hotter.} 31. Qg5 Nd7 32. f4 Re8
33. e5 Qa2) 31. Qxc5 dxe4 32. Nxe4 Rxe4 33. fxe4 Nxe4 {[%mdl 64] [#] Double
Attack} 34. Rxf7+ {[%mdl 64] Decoy} Kxf7 35. Qd5+ Kg7 {Hoping for ...Qd2+.} 36.
Qxe4 Qxb3 37. Qe7+ Kg8 38. Qe8+ Kg7 39. Qe7+ Kg8 40. Qe8+ Kg7 41. Qe7+ {
Weighted Error Value: White=0.05/Black=0.08} 1/2-1/2

[Event "GCT Paris Blitz 2021"]
[Site "Paris"]
[Date "2021.06.21"]
[Round "5"]
[White "Vachier-Lagrave, Maxime"]
[Black "Caruana, Fabiano"]
[Result "1-0"]
[WhiteElo "2760"]
[BlackElo "2820"]
[Annotator "TA"]
[PlyCount "99"]
[EventDate "2021.06.21"]
[EventType "tourn"]
[EventCountry "FRA"]
[SourceTitle "playchess.com"]
[Source "ChessBase"]
[SourceQuality "1"]

{[%evp 19,99,18,32,5,32,19,17,-33,8,-31,-18,-28,14,10,10,18,33,0,8,-1,0,-8,0,0,
0,0,0,-7,-12,-21,-23,-21,0,0,24,0,0,-9,-8,-7,0,-16,-25,-17,-15,-33,-18,-23,33,
45,38,-27,201,41,49,47,257,95,367,118,577,589,649,521,643,629,29994,29995,
29998,29985,29995,2904,1680,602,29994,29995,29995,29990,29992,29993,29993,
29994]} 1. e4 e5 2. Nf3 Nc6 3. Bb5 a6 4. Ba4 Nf6 5. O-O Bc5 6. c3 b5 7. Bb3 d6
8. a4 Bg4 9. h3 Bh5 10. d3 O-O 11. Nbd2 $5 {[%mdl 4] A promising side line.
C78: Ruy Lopez: Archangelsk and Möller Defences.} b4 12. Re1 Rb8 13. Bc2 {
[#] The position is equal.} Re8 $146 ({Predecessor:} 13... d5 14. Nf1 bxc3 15.
bxc3 d4 16. Bd2 dxc3 17. Bxc3 Bb4 18. Bxb4 Rxb4 19. Rb1 Bxf3 20. Qxf3 {0-1 (62)
Gil Espla,J (2000)-Mangiavacchi,L (1900) Barcelona 1998}) 14. Nf1 d5 15. Ng3
Bg6 16. a5 bxc3 17. bxc3 Na7 18. Ba4 c6 19. Qc2 dxe4 20. dxe4 Nb5 21. Bg5 h6
22. Bh4 Qe7 23. Rad1 Qe6 24. Re2 Na3 25. Qd3 Nb5 26. Rb2 Qe7 27. Rbd2 Qe6 28.
Kh2 Nh5 29. Nxh5 Bxh5 30. g4 Bg6 31. Bg3 f6 32. Nh4 Bf7 33. Nf5 Kh7 (33... Bf8
$11) 34. Qf3 $1 $14 Rb7 35. Bc2 (35. h4 $14) 35... Na3 $2 {[#]} (35... Rf8 $11)
36. Bd3 $2 (36. Rd6 $1 $18 {[%cal Rd6e6][%mdl 512]} Bxd6 37. Rxd6 Nxc2 38. Rxe6
Rxe6 39. Qd3) 36... Nb5 37. Be2 Rc7 $2 (37... Rf8 $14) 38. h4 $2 (38. c4 $18)
38... Qb3 $2 {[%mdl 8192] [#]} (38... Bg6 $16 {was necessary.}) 39. Rd7 $2 (39.
g5 $1 $18 {is the precise move to win. And now Nxg7! would win.} fxg5 40. hxg5
hxg5 41. Kg2) 39... Rec8 $2 {[%mdl 8192]} (39... Rxd7 $16 40. Rxd7 Qe6) 40. g5
$18 Nxc3 41. R7d3 Bb4 {[#]} 42. Nxg7 $1 {[%mdl 576] Remove Defender, Decoy}
Kxg7 (42... Rf8 43. Rc1) 43. Qxf6+ {[%mdl 64] Double Attack} Kf8 44. Bxe5 Qe6
45. Qg7+ (45. Rd8+ $142 Rxd8 46. Rxd8+ Qe8 47. Qxh6+ Ke7 48. Bf6+ Ke6 49. Bg4#)
45... Ke8 46. Bxc7 (46. Qh8+ $142 Bf8 47. Bxc3) 46... Be7 47. Qh8+ {White
mates.} Bg8 48. Qxc3 Rxc7 49. Bh5+ Kf8 50. Rf3+ {Weighted Error Value: White=0.
43/Black=0.78} 1-0

[Event "GCT Paris Blitz 2021"]
[Site "Paris"]
[Date "2021.06.21"]
[Round "5"]
[White "Svidler, Peter"]
[Black "Nepomniachtchi, Ian"]
[Result "1/2-1/2"]
[WhiteElo "2714"]
[BlackElo "2792"]
[Annotator "TA"]
[PlyCount "92"]
[EventDate "2021.06.21"]
[EventType "tourn"]
[EventCountry "FRA"]
[SourceTitle "playchess.com"]
[Source "ChessBase"]
[SourceQuality "1"]

{[%evp 14,92,40,30,40,-4,41,9,44,54,57,26,28,22,16,31,45,35,39,32,56,53,56,56,
112,109,120,118,112,112,112,118,102,51,38,50,59,49,76,76,72,11,25,-17,15,15,12,
12,12,13,21,13,13,17,49,20,20,14,27,0,0,0,0,0,0,0,0,0,0,0,0,0,0,0,0,0,0,0,0,0,
0]} 1. c4 e6 2. g3 Nf6 3. Bg2 d5 4. Nf3 dxc4 5. Qa4+ Nbd7 6. Qxc4 a6 7. Qc2 c5
8. Nc3 $1 {[%mdl 4] outshines the older 8.0-0.} Qc7 {A13: English Opening: 1...
e6.} 9. d4 b6 10. Bf4 Bd6 11. Bxd6 Qxd6 12. O-O Bb7 13. Rfd1 O-O 14. e4 {
[#] aiming for e5.} cxd4 15. Nxd4 Qc7 16. Rac1 Rac8 17. f4 {[#]} Rfd8 $146 ({
Predecessor:} 17... Qb8 18. e5 Nd5 19. Bxd5 Bxd5 20. Nf5 exf5 21. Rxd5 Qa7 22.
Qxf5 b5+ 23. Kh1 Nb6 {1-0 (94) Vidit,S (2687)-Batchuluun,T (2525) Chengdu 2017}
) 18. e5 {Black must now prevent Bxb7.} Ng4 (18... Ne8 $1 $14) 19. Bxb7 $16
Qxb7 20. Qe2 h5 21. h3 Nh6 22. Qxh5 Nc5 23. Qf3 (23. Qh4 $16) 23... Qxf3 $14
24. Nxf3 Nf5 {Black wants to play ...Nd3.} 25. Ne2 Ne3 26. Rxd8+ Rxd8 27. b4 (
27. Ned4 $16) 27... Ne4 $11 28. g4 b5 (28... Rd3 {is more complex.} 29. Nfd4
Nd5 30. Rc8+ Kh7 31. f5 exf5 32. gxf5 Rxh3 33. e6 fxe6 34. Nxe6 Rf3) 29. Ned4 {
[#] Hoping for Re1.} Nd5 30. f5 exf5 31. gxf5 Nxb4 32. Rc7 Nd5 33. Ra7 Nf4 34.
Rxa6 Nxh3+ 35. Kh2 Nf4 36. e6 fxe6 {The position is equal.} 37. Nxe6 Nxe6 38.
Rxe6 {[%mdl 4096] Endgame KRN-KRN} Nd2 (38... Nd6 {keeps more tension.} 39. f6
gxf6 40. Rxf6 Ne4 41. Ra6 Rd3) 39. Kg2 Nxf3 40. Kxf3 {KR-KR} Ra8 41. Rb6 Rxa2
42. Rxb5 Ra6 43. Kf4 g6 44. fxg6 Rxg6 45. Rg5 Kh7 46. Rxg6 Kxg6 {Weighted
Error Value: White=0.11/Black=0.09} 1/2-1/2

[Event "GCT Paris Blitz 2021"]
[Site "Paris"]
[Date "2021.06.21"]
[Round "6"]
[White "Caruana, Fabiano"]
[Black "Svidler, Peter"]
[Result "1/2-1/2"]
[WhiteElo "2820"]
[BlackElo "2714"]
[Annotator "TA"]
[PlyCount "70"]
[EventDate "2021.06.21"]
[EventType "tourn"]
[EventCountry "FRA"]
[SourceTitle "playchess.com"]
[Source "ChessBase"]
[SourceQuality "1"]

{[%evp 16,70,27,24,37,32,58,-32,-33,-31,-25,-34,-31,-44,-41,-45,-45,-77,-75,
-103,-33,-45,-28,-73,-75,-79,-74,-81,-76,-64,-41,-60,-52,-55,-60,-55,-27,-43,
-19,-19,-19,-19,-19,-24,-24,-59,-59,-72,-72,-72,-47,-72,0,-72,0,-72,0]} 1. e4 {
Novikov,I} c5 2. Nf3 d6 3. d4 cxd4 4. Nxd4 Nf6 5. Nc3 a6 6. Be2 e6 7. Be3 Be7
8. f4 Qc7 9. g4 d5 {has lost popularity (9...b5). B84: Sicilian Scheveningen:
6 Be2 a6, lines without early Be3.} 10. exd5 Bb4 {[#]} 11. Bf3 $146 (11. dxe6
$14 Bxc3+ 12. bxc3) ({Predecessor:} 11. dxe6 Bxc3+ 12. bxc3 Qxc3+ 13. Kf2 fxe6
14. Qd3 Qc7 15. Bf3 O-O 16. Qb3 {1/2-1/2 (16) Yemelin,V (2515)-Novikov,I (2590)
Novgorod 1995 EXT 2000 [Novikov,I]}) 11... Nxd5 {Black is slightly better.} 12.
Bxd5 {[#] Strongly threatening Bf3.} Bxc3+ 13. bxc3 exd5 14. Qd3 O-O 15. O-O-O
Re8 16. Rde1 Nd7 {Threatens to win with ...Nc5.} 17. Nf5 Nc5 ({Black should try
} 17... Nf6 $17 18. Rhg1 Bxf5 19. gxf5 Rac8) 18. Qxd5 $15 Bxf5 19. Qxc5 Qxc5
20. Bxc5 Bxg4 21. Rhg1 {[#] Rxe8+ is the strong threat.} Rxe1+ 22. Rxe1 $17 {
[%mdl 4096] Endgame KRB-KRB} Bf3 23. Re7 Bc6 24. Bb6 f6 25. Kd2 h5 26. Ke3 Kh7
(26... Bb5 {is more complex.} 27. f5 Rc8 28. Kd2 Bc6 29. c4 Bg2) 27. f5 Re8 28.
Rxe8 Bxe8 $11 {KB-KB} 29. h4 Bd7 30. Kf4 Ba4 31. a3 Bxc2 32. Bc5 Bd3 33. Bd6
Bc2 34. Bc5 Bd3 35. Bd6 Bc2 {Weighted Error Value: White=0.15/Black=0.14} ({
Better is} 35... Bb5 $17) 1/2-1/2

[Event "GCT Paris Blitz 2021"]
[Site "Paris"]
[Date "2021.06.21"]
[Round "6"]
[White "Nepomniachtchi, Ian"]
[Black "Aronian, Levon"]
[Result "1-0"]
[WhiteElo "2792"]
[BlackElo "2781"]
[Annotator "TA"]
[PlyCount "123"]
[EventDate "2021.06.21"]
[EventType "tourn"]
[EventCountry "FRA"]
[SourceTitle "playchess.com"]
[Source "ChessBase"]
[SourceQuality "1"]

{[%evp 9,123,12,12,9,9,9,12,7,16,8,14,0,0,0,6,0,0,0,13,6,10,7,2,4,4,4,12,-23,
-8,0,0,-5,0,0,0,0,0,0,0,0,0,0,18,6,8,17,26,21,35,41,37,25,31,28,22,3,9,0,0,0,8,
7,42,41,135,147,141,134,145,149,284,323,341,340,319,333,318,285,920,910,843,
777,1615,1538,1278,1915,1505,1627,12834,12834,12837,12838,12838,12839,12839,
12839,12841,12842,12842,12843,12843,12843,12844,12844,12845,12845,12845,12845,
12845,12846,12847,12847,12847,12847,12848,12847]} 1. c4 Nf6 2. Nf3 e6 3. g3 d5
4. Bg2 (4. d4 Be7 5. Bg2 O-O 6. Nc3 Nbd7 7. b3 dxc4 8. bxc4 c5 9. O-O cxd4 10.
Nxd4 Ne5 11. Rb1 Nxc4 12. Bxb7 Bxb7 13. Rxb7 {1/2-1/2 (13) Nepomniachtchi,I 
(2773)-Aronian,L (2772) Kolkata 2019}) 4... dxc4 5. Qa4+ Bd7 6. Qxc4 {A13:
English Opening: 1...e6.} c5 7. Ne5 Qc8 8. Qd3 {The position is equal. 8.Qd3
scores better than 8.0-0.} Bc6 9. Nxc6 Nxc6 10. Nc3 Be7 11. O-O O-O {[#]} 12.
b3 $146 ({Predecessor:} 12. Qc4 Qd7 13. Qa4 Rac8 14. d3 Rfd8 15. Bd2 Nd5 16.
Rfd1 b6 17. Rac1 Bf6 18. a3 {1/2-1/2 (27) Sebenik,M (2498)-Karacsonyi,G (2292)
Chess.com INT 2020}) 12... Rd8 13. Qb1 Nd5 14. Nxd5 exd5 15. Bb2 Qe6 16. e3 Bf6
17. Rc1 {White wants to play Bxf6.} b6 18. a3 a5 19. Bxf6 Qxf6 20. Qd3 g6 21.
Rab1 Rac8 22. Qb5 (22. Bxd5 Ne7 $15) 22... Ne7 23. b4 axb4 24. axb4 c4 25. d3 {
[%cal Rd3c4]} cxd3 26. Qxd3 Rxc1+ 27. Rxc1 Qb2 28. Rb1 Qe5 29. Qb5 Qe6 30. Rd1
Kg7 31. h4 h5 32. Rd4 Qc6 33. Qd3 Qc1+ 34. Kh2 Qb2 35. Rf4 Rd6 36. e4 {[%cal
Re4d5]} d4 {[#] White now steadily converts the win.} (36... Rf6 $14) 37. Qf3
$1 $16 Qa2 {Hoping for ...Nc6.} ({Not} 37... f6 $2 38. e5 $18) 38. e5 $36 {
[%mdl 2048] Keeping Black busy.} Rd8 39. Rf6 {e6! is the strong threat.} Nf5 (
39... Ng8 $16 {keeps fighting.}) 40. Bh3 $18 ({And not} 40. Rxb6 d3 $11) 40...
Qd5 41. Qf4 Nh6 {[#]} 42. e6 $1 {[%cal Re6f7]} ({Inferior is} 42. Rxb6 d3 $11)
42... fxe6 43. Rxe6 {White wants to mate with Qf6+.} Rf8 (43... Ng8 44. Qc7+
Rd7 45. Qxb6 Ne7) 44. Re7+ {White is clearly winning.} Rf7 {[#]} 45. Be6 $1 {
[%mdl 512]} Ng4+ (45... Qxe6 46. Rxe6) 46. Kg1 Qxe6 47. Rxe6 Rxf4 48. gxf4 {
[%mdl 4096] Endgame KR-KN} Nh6 49. Rxb6 Nf5 50. b5 Kf7 51. Rc6 d3 52. Rc3 Nd4
53. Rxd3 Nxb5 54. f5 gxf5 55. Rd5 {[%mdl 64] Double Attack} Nc3 56. Rxf5+ Kg6
57. Re5 Na4 58. Kg2 Nb2 59. Kf3 Nc4 60. Rc5 Nd2+ 61. Kf4 Nb3 62. Rd5 {Weighted
Error Value: White=0.02/Black=0.13} 1-0

[Event "GCT Paris Blitz 2021"]
[Site "Paris"]
[Date "2021.06.21"]
[Round "6"]
[White "So, Wesley"]
[Black "Kramnik, Vladimir"]
[Result "1/2-1/2"]
[WhiteElo "2770"]
[BlackElo "2797"]
[Annotator "TA"]
[PlyCount "79"]
[EventDate "2021.06.21"]
[EventType "tourn"]
[EventCountry "FRA"]
[SourceTitle "playchess.com"]
[Source "ChessBase"]
[SourceQuality "1"]

{[%evp 10,79,29,16,15,13,8,13,32,9,20,3,6,6,10,-30,12,18,21,18,19,13,6,19,27,5,
18,-20,-20,-24,-24,-20,-27,-77,0,0,0,0,14,0,0,0,0,0,0,0,0,0,0,0,0,0,0,0,0,0,0,
0,0,0,5,6,5,5,6,7,26,0,8,0,56,0]} 1. e4 e5 2. Nf3 Nc6 3. Bc4 Bc5 4. c3 Nf6 5.
d3 d6 6. Bg5 a6 {C54: Giuoco Piano: 4 c3 Nf6, main lines with 5 d4 and 5 d3.}
7. Nbd2 {7.a4 deserves study.} Ba7 8. a4 O-O {The position is equal.} 9. h3 {
[#]} Kh8 $146 ({Predecessor:} 9... Be6 10. O-O Bxc4 11. Nxc4 h6 12. Bh4 Ne7 13.
Bxf6 gxf6 14. Nh4 Kh7 15. Qh5 Qd7 {1-0 (42) Nguyen Thi Thu,Q-Nguyen,T Ho Chi
Minh City 2005}) 10. Bh4 Ne7 11. Bg3 Ng6 12. Bh2 Qe7 13. O-O $1 Be6 14. Bxe6
Qxe6 15. Re1 Nd7 16. d4 f5 17. dxe5 Ndxe5 18. Nd4 Bxd4 19. cxd4 Nd3 {[%mdl 64]
Double Attack} 20. Re3 fxe4 {...d5 is the strong threat.} ({Wrong is} 20...
Nxb2 $2 21. Qc2 $18) 21. f3 {[#]} d5 ({Inferior is} 21... Nxb2 22. Qc2 $16) (
21... Qd5 $1 $17 {[%cal Rd5d4]} 22. Nxe4 Nxb2) 22. fxe4 $11 dxe4 23. Nxe4 Nf2
24. Qe2 Rae8 {And now ...Nf4 would win.} 25. Re1 $1 Nxe4 26. Rxe4 Qxe4 27. Qxe4
Rxe4 28. Rxe4 {[%mdl 4096] Endgame KRB-KRN} c6 29. Bd6 Rd8 30. Bc7 Rc8 31. Bd6
Kg8 32. Re3 Kf7 33. Kf2 Rd8 34. Bc5 Re8 35. Rb3 b5 36. Rf3+ Ke6 37. Re3+ Kd7
38. Rf3 Ke6 39. Re3+ Kd7 40. Rf3 {Weighted Error Value: White=0.08/Black=0.06}
(40. axb5 $1 $14 axb5 41. Ra3) 1/2-1/2